| 000 | 00342nam a2200145 i 4500 | ||
|---|---|---|---|
| 001 | bg | ||
| 100 | 1 | _aBEDNARSKI, Stanisław | |
| 245 | 0 |
_aSejm VI kadencji / _cStanisław Bednarski. |
|
| 260 |
_aWarszawa, _c1976. |
||
| 040 | _cBPK | ||
| 041 | _apol | ||
| 080 | _a328:342.5(438) | ||
| 942 | _cKS | ||
| 008 | s pl f |000 0 pol | ||
| 999 |
_c26897 _d26897 |
||
| 856 |
_uhttp://koha.tu.koszalin.pl/cgi-bin/koha/opac-detail.pl?biblionumber=26897 _yKatalog online BPK |
||